[Event "M.Chigorin Memorial 2017 "]
[Site "?????-?????????"]
[Date "2017.10.22"]
[Round "2"]
[Board "134"]
[White "Bushueva, Tatjana"]
[Black "Chekmareva, Liya"]
[Result "0-1"]
[WhiteElo "1737"]
[BlackElo "2077"]
[PlyCount "64"]
[EventDate "2017.10.21"]
[EventRounds "9"]
[EventCountry "RUS"]

1. Nf3 Nf6 2. c4 g6 3. Nc3 d5 4. cxd5 Nxd5 5. Qa4+ Bd7 6. Qh4 Nf6 7. d4 h6 8.
e4 Bg7 9. Ne5 Be6 10. d5 Bc8 11. Bb5+ Nbd7 12. Nxg6 fxg6 13. e5 Nxd5 14. Qe4
Nxc3 15. Qxg6+ Kf8 16. e6 Ne5 17. Qf5+ Kg8 18. bxc3 Qd5 19. Qb1 Qxg2 20. Rf1
Bxe6 21. Be3 Nf3+ 22. Ke2 Qg4 23. Rh1 Nd4+ 24. Kd2 Nxb5 25. Qxb5 Rd8+ 26. Bd4
Bxd4 27. cxd4 Qxd4+ 28. Kc2 Qe4+ 29. Kb2 Rd2+ 30. Ka3 Qf3+ 31. Kb4 Rb2+ 32. Ka4
Qe4+  0-1

[Event "M.Chigorin Memorial 2017 "]
[Site "?????-?????????"]
[Date "2017.10.22"]
[Round "2"]
[Board "135"]
[White "Orlov, Alexandr"]
[Black "Kozyakov, Andrey"]
[Result "1/2-1/2"]
[WhiteElo "2075"]
[BlackElo "1727"]
[PlyCount "115"]
[EventDate "2017.10.21"]
[EventRounds "9"]
[EventCountry "RUS"]

1. b3 e5 2. Bb2 Nc6 3. e3 d6 4. Nf3 Be6 5. c4 Nf6 6. d4 exd4 7. exd4 d5 8. a3
Bd6 9. Bd3 O-O 10. O-O Ne7 11. Ng5 Bg4 12. Bxh7+ Kh8 13. f3 Bf4 14. fxg4 Bxg5
15. Bd3 dxc4 16. Bxc4 Qd7 17. Qf3 Qxg4 18. Qxg4 Nxg4 19. Bc1 Bxc1 20. Rxc1 Rad8
21. h3 Nf6 22. Re1 Nc6 23. Nc3 Rxd4 24. Rad1 Rxd1 25. Rxd1 Ne5 26. Rd4 Nxc4 27.
Rxc4 c6 28. Rd4 Re8 29. Kf2 Kg8 30. g4 g5 31. Rd6 Kg7 32. b4 Re5 33. Rd8 Nd5
34. Ne2 Kf6 35. Rd7 Re7 36. Rd8 a6 37. Nd4 Nf4 38. Rd6+ Ke5 39. Nf5 Rc7 40. Kg3
a5 41. Rd8 axb4 42. axb4 c5 43. bxc5 Rxc5 44. Rd7 b5 45. Rxf7 b4 46. Rb7 Rc3+
47. Kf2 Nxh3+ 48. Ke2 b3 49. Kd2 Rf3 50. Rb5+ Ke4 51. Rb4+ Kd5 52. Ke2 Kc5 53.
Rb8 Ng1+ 54. Kd2 Rf2+ 55. Kc3 Ne2+ 56. Kxb3 Nd4+ 57. Nxd4 Kxd4 58. Rb5  1/2-1/2

[Event "M.Chigorin Memorial 2017 "]
[Site "?????-?????????"]
[Date "2017.10.22"]
[Round "2"]
[Board "136"]
[White "Terzyan, Nazar"]
[Black "Myshkovskiy, Sviatoslav"]
[Result "1/2-1/2"]
[WhiteElo "1717"]
[BlackElo "2062"]
[PlyCount "80"]
[EventDate "2017.10.21"]
[EventRounds "9"]
[EventCountry "RUS"]

1. e4 c5 2. Nf3 Nc6 3. d4 cxd4 4. Nxd4 Nf6 5. Nc3 e5 6. Ndb5 d6 7. Nd5 Nxd5 8.
exd5 Nb8 9. c4 a6 10. Nc3 Be7 11. Be2 O-O 12. O-O Nd7 13. Kh1 f5 14. f4 Bf6 15.
Be3 Qe7 16. Qd2 Re8 17. Bd3 g6 18. Rac1 exf4 19. Bxf4 Ne5 20. Rce1 Bd7 21. b3
Qg7 22. Ne2 b5 23. cxb5 Nxd3 24. Qxd3 Bxb5 25. Qd2 Be5 26. Bxe5 Rxe5 27. a4
Bxe2 28. Rxe2 Rae8 29. Rxe5 Qxe5 30. h3 Qe3 31. Qb4 Qd3 32. Re1 Rxe1+ 33. Qxe1
Qxd5 34. Qe8+ Kg7 35. Qe7+ Kg8 36. Qe8+ Kg7 37. Qe7+ Kg8 38. Qe8+ Kg7 39. Qe7+
Kg8 40. Qe8+ Kg7  1/2-1/2

[Event "M.Chigorin Memorial 2017 "]
[Site "?????-?????????"]
[Date "2017.10.22"]
[Round "2"]
[Board "137"]
[White "Ismagilov, Damir"]
[Black "Ismagilov, Igor"]
[Result "1-0"]
[WhiteElo "2058"]
[BlackElo "1720"]
[PlyCount "101"]
[EventDate "2017.10.21"]
[EventRounds "9"]
[EventCountry "RUS"]

1. d4 g6 2. e4 Bg7 3. f4 d6 4. Nf3 Nf6 5. Nc3 O-O 6. Bc4 c5 7. dxc5 dxc5 8. O-O
Nc6 9. e5 Nd7 10. Be3 Nb6 11. Bb5 Qc7 12. Nd5 Nxd5 13. Qxd5 Nb4 14. Qxc5 Nc6
15. Rad1 Bg4 16. h3 Bxf3 17. Rxf3 Rfd8 18. Rff1 Bf8 19. Bxc6 bxc6 20. Rxd8 Rxd8
21. Qxa7 Qxa7 22. Bxa7 Rd2 23. Rf2 Rd1+ 24. Kh2 Ra1 25. a3 Rb1 26. Bd4 e6 27.
g3 c5 28. Bc3 Rc1 29. Rd2 h6 30. Kg2 c4 31. Bd4 Kg7 32. Kf2 Rh1 33. h4 g5 34.
Kg2 Rc1 35. hxg5 hxg5 36. fxg5 Kg6 37. Be3 Rb1 38. Rd8 Bg7 39. Rd4 Rxb2 40.
Rxc4 Bxe5 41. a4 Ra2 42. Kf3 Ra3 43. g4 Bc3 44. Ke4 Be1 45. Kd4 Bh4 46. Bc1 Ra1
47. Bb2 Ra2 48. Kc3 Bxg5 49. Kb3 Rxb2+ 50. Kxb2 Bf6+ 51. Kb3  1-0

[Event "M.Chigorin Memorial 2017 "]
[Site "?????-?????????"]
[Date "2017.10.22"]
[Round "2"]
[Board "138"]
[White "Gimenez, Gregoire"]
[Black "Veselov, Andrey"]
[Result "0-1"]
[WhiteElo "1711"]
[BlackElo "2056"]
[PlyCount "162"]
[EventDate "2017.10.21"]
[EventRounds "9"]
[EventCountry "RUS"]

1. d4 d5 2. c4 dxc4 3. Nf3 Nf6 4. g3 c5 5. Bg2 Nc6 6. Qa4 Bd7 7. dxc5 e6 8.
Qxc4 Qa5+ 9. Bd2 Qxc5 10. Na3 Qxc4 11. Nxc4 Ne4 12. O-O Nxd2 13. Nfxd2 Be7 14.
Ne4 O-O 15. Rfd1 Rfd8 16. Ned6 Rab8 17. a4 Bf6 18. Rab1 Nd4 19. Nxb7 Bxa4 20.
Rd2 Rdc8 21. Ncd6 Rc2 22. Rbd1 Nxe2+ 23. Kf1 Rxd2 24. Rxd2 Nd4 25. Ne4 Bb5+ 26.
Ke1 Nb3 27. Nxf6+ gxf6 28. Rc2 Nd4 29. Rc7 a6 30. Kd2 Kf8 31. Ke3 e5 32. Nd6
Rb6 33. Rxf7+ Kg8 34. Rxf6 Rxd6 35. Rxd6 Nf5+ 36. Ke4 Nxd6+ 37. Kxe5 Nc4+ 38.
Kd4 Nxb2 39. f4 Kg7 40. g4 Nd3 41. f5 Nf4 42. Bf3 Be2 43. Bb7 Bxg4 44. Bxa6 Kf6
45. Ke4 Nh5 46. Bc4 Bxf5+ 47. Kf3 Kg5 48. Kg2 Kf4 49. Be2 Nf6 50. Bc4 h6 51.
Ba6 Ne4 52. Bb7 Ng5 53. Ba6 Be4+ 54. Kf2 Nh3+ 55. Ke2 Bf3+ 56. Kf1 Ke3 57. Bc8
Nf4 58. Kg1 Ne2+ 59. Kf1 Kf4 60. Kf2 h5 61. Bd7 h4 62. Bc8 Nd4 63. Bd7 Bg4 64.
Ba4 Bf5 65. Bd1 Ne6 66. Be2 Ng5 67. Bd1 Bg4 68. Ba4 Nf3 69. Kg2 Bf5 70. Bc6 Be4
71. Be8 Ne5+ 72. Kg1 Kg4 73. Bb5 Bd3 74. Be8 Kh3 75. Ba4 Be4 76. Bd1 Nf3+ 77.
Kf2 Nxh2 78. Ba4 Bd5 79. Bb5 Ng4+ 80. Kg1 Kg3 81. Bf1 Ne3  0-1

[Event "M.Chigorin Memorial 2017 "]
[Site "?????-?????????"]
[Date "2017.10.22"]
[Round "2"]
[Board "139"]
[White "Nikonov, Alexej"]
[Black "Anisimov, Artem"]
[Result "0-1"]
[WhiteElo "2052"]
[BlackElo "1716"]
[PlyCount "81"]
[EventDate "2017.10.21"]
[EventRounds "9"]
[EventCountry "RUS"]

1. d4 e6 2. Nf3 c5 3. c3 Nc6 4. g3 Qb6 5. Bg2 d5 6. O-O cxd4 7. cxd4 Bd7 8. Nc3
Bb4 9. Na4 Qa6 10. a3 Bd6 11. Nc5 Bxc5 12. dxc5 Nge7 13. Bf4 O-O 14. b4 b5 15.
Bd6 Rfe8 16. e4 dxe4 17. Ng5 f5 18. Qh5 h6 19. Qf7+ Kh8 20. Nxe6 Bxe6 21. Qxe6
Qc8 22. Qf7 Rf8 23. Qh5 Qe6 24. Rfd1 a5 25. a4 axb4 26. axb5 Rxa1 27. Rxa1 Nd4
28. b6 Rg8 29. b7 Nec6 30. Ra8 b3 31. Qd1 Qc4 32. Rxg8+ Kxg8 33. Bf1 Qb4 34.
b8=R+ Nxb8 35. c6 Qxd6 36. c7 Qxc7 37. Qxd4 Qb7 38. Bc4+ Kh7 39. Qe5 b2 40.
Qxf5+ g6 41. Qf8  0-1

[Event "M.Chigorin Memorial 2017 "]
[Site "?????-?????????"]
[Date "2017.10.22"]
[Round "2"]
[Board "140"]
[White "Tsarkov, Mikhail"]
[Black "Divya, Deshmukh"]
[Result "0-1"]
[WhiteElo "1701"]
[BlackElo "2051"]
[PlyCount "80"]
[EventDate "2017.10.21"]
[EventRounds "9"]
[EventCountry "RUS"]

1. d4 Nf6 2. Bf4 g6 3. Nf3 Bg7 4. e3 O-O 5. Be2 d6 6. h3 b6 7. c4 Bb7 8. Nc3
Nbd7 9. O-O Re8 10. Rc1 e5 11. Bh2 Qe7 12. dxe5 Nxe5 13. Nxe5 dxe5 14. Qb3 Ne4
15. Nxe4 Bxe4 16. c5 h5 17. f3 Bf5 18. Bb5 Red8 19. cxb6 cxb6 20. Bc4 Rd2 21.
Rfd1 Rad8 22. Rxd2 Rxd2 23. Qc3 Rd8 24. e4 Bc8 25. Bd5 Qg5 26. Qc7 Bxh3 27.
Qxf7+ Kh7 28. Rc2 Rf8 29. f4 Qg4 30. Qc7 Qd1+ 31. Kf2 Qd4+ 32. Kf1 Rc8 33. Qxc8
Bxc8 34. Rxc8 h4 35. Rc7 exf4 36. Bxf4 g5 37. Bxg5 Kg6 38. Bf4 Qd1+ 39. Kf2
Bd4+ 40. Be3 Qd2+  0-1

[Event "M.Chigorin Memorial 2017 "]
[Site "?????-?????????"]
[Date "2017.10.22"]
[Round "2"]
[Board "141"]
[White "Zabolotnov, Evgeny"]
[Black "Makeev, Konstantin"]
[Result "1-0"]
[WhiteElo "2049"]
[BlackElo "1688"]
[PlyCount "61"]
[EventDate "2017.10.21"]
[EventRounds "9"]
[EventCountry "RUS"]

1. d4 g6 2. e4 Bg7 3. c4 d6 4. Nc3 Nh6 5. h4 f6 6. h5 g5 7. Nge2 Nf7 8. Ng3 e6
9. d5 O-O 10. Be2 Re8 11. Be3 c6 12. Qd2 cxd5 13. cxd5 e5 14. O-O Nd7 15. Rfc1
a6 16. b4 Nf8 17. Na4 Nd7 18. Bg4 b5 19. Bxd7 Bxd7 20. Nb6 Rb8 21. Nxd7 Qxd7
22. Rc6 Ra8 23. Rac1 Bf8 24. Nf5 Nh6 25. Rc7 Qd8 26. Nxh6+ Bxh6 27. Bb6 Qb8 28.
Qe3 Rf8 29. R1c6 Qe8 30. Qh3 Rb8 31. Qf5  1-0

[Event "M.Chigorin Memorial 2017 "]
[Site "?????-?????????"]
[Date "2017.10.22"]
[Round "2"]
[Board "142"]
[White "Sakalli, Selcuk Orkun"]
[Black "Malinovsky, Ilya"]
[Result "0-1"]
[WhiteElo "1699"]
[BlackElo "2044"]
[PlyCount "38"]
[EventDate "2017.10.21"]
[EventRounds "9"]
[EventCountry "RUS"]

1. d4 Nf6 2. c4 e6 3. Nc3 Bb4 4. Bg5 d5 5. e3 O-O 6. Nf3 b6 7. cxd5 exd5 8. Qb3
Bxc3+ 9. Qxc3 Ba6 10. Bxf6 Qxf6 11. Qxc7 Bxf1 12. Kxf1 Nc6 13. Rc1 Rac8 14. Qb7
Qf5 15. Ne1 Na5 16. Qxa7 Rxc1 17. Ke2 Qe6 18. Rf1 Qc6 19. Qa6 Nc4  0-1

[Event "M.Chigorin Memorial 2017 "]
[Site "?????-?????????"]
[Date "2017.10.22"]
[Round "2"]
[Board "143"]
[White "Gorbatenko, Alexander"]
[Black "Zakharov, Yuri"]
[Result "1-0"]
[WhiteElo "2042"]
[BlackElo "1681"]
[PlyCount "61"]
[EventDate "2017.10.21"]
[EventRounds "9"]
[EventCountry "RUS"]

1. d4 Nf6 2. c4 g6 3. Nc3 d5 4. cxd5 Nxd5 5. e4 Nb6 6. Be3 Bg7 7. Nf3 O-O 8.
Qd2 Bg4 9. Ng5 f6 10. h3 Bd7 11. Nf3 Be6 12. d5 Bf7 13. a4 a5 14. Bb5 N8d7 15.
O-O e6 16. Rad1 exd5 17. exd5 Nc8 18. Nd4 Nd6 19. Ne6 Bxe6 20. dxe6 Ne5 21. Bc5
Nxb5 22. Qxd8 Rfxd8 23. Rxd8+ Rxd8 24. Nxb5 Rc8 25. Rd1 b6 26. e7 Nc6 27. Re1
Ne5 28. Nxc7 Kf7 29. e8=Q+ Rxe8 30. Nxe8 Kxe8 31. Bxb6  1-0

[Event "M.Chigorin Memorial 2017 "]
[Site "?????-?????????"]
[Date "2017.10.22"]
[Round "2"]
[Board "144"]
[White "Surovtseva, Alisa"]
[Black "Makoveev, Ilya"]
[Result "0-1"]
[WhiteElo "1693"]
[BlackElo "2041"]
[PlyCount "27"]
[EventDate "2017.10.21"]
[EventRounds "9"]
[EventCountry "RUS"]

1. e4 c5 2. Nf3 d6 3. d4 cxd4 4. Qxd4 Nf6 5. e5 Nc6 6. Bb5 dxe5 7. Qxd8+ Kxd8
8. Bxc6 bxc6 9. Nxe5 Ke8 10. Nc3 e6 11. Bd2 Bd6 12. Nc4 Bc7 13. O-O Ba6 14. b3
{...}  0-1

[Event "M.Chigorin Memorial 2017 "]
[Site "?????-?????????"]
[Date "2017.10.22"]
[Round "2"]
[Board "145"]
[White "Kiseleva, Arina"]
[Black "Arbuzov, Timofey"]
[Result "1-0"]
[WhiteElo "2038"]
[BlackElo "1658"]
[PlyCount "79"]
[EventDate "2017.10.21"]
[EventRounds "9"]
[EventCountry "RUS"]

1. Nf3 Nf6 2. c4 g6 3. Nc3 Bg7 4. e4 d6 5. d4 O-O 6. Be2 e5 7. O-O Nbd7 8. Re1
c6 9. Rb1 exd4 10. Nxd4 Nc5 11. f3 a5 12. b3 Qb6 13. Be3 Nfd7 14. a3 Qc7 15. b4
axb4 16. axb4 Ne6 17. Qd2 Nxd4 18. Bxd4 Bxd4+ 19. Qxd4 Qb6 20. Red1 Ra3 21.
Qxb6 Nxb6 22. Rbc1 Be6 23. Rxd6 Bxc4 24. Bxc4 Nxc4 25. Rd7 b5 26. Rc7 Ne5 27.
Ne2 Nd3 28. R1xc6 Nxb4 29. Rb6 Nd3 30. h4 b4 31. Nd4 Rfa8 32. Rbb7 Ra1+ 33. Kh2
Ne5 34. Rxb4 R1a7 35. Rbb7 Rxb7 36. Rxb7 Ra2 37. h5 gxh5 38. Nf5 Nxf3+ 39. Kg3
Ng5 40. Rb8#  1-0

[Event "M.Chigorin Memorial 2017 "]
[Site "?????-?????????"]
[Date "2017.10.22"]
[Round "2"]
[Board "146"]
[White "Novitckii, Andrei"]
[Black "Golovkina, Anastasia"]
[Result "0-1"]
[WhiteElo "1688"]
[BlackElo "2035"]
[PlyCount "110"]
[EventDate "2017.10.21"]
[EventRounds "9"]
[EventCountry "RUS"]

1. d4 d5 2. e3 Nf6 3. Bd3 e6 4. Nd2 Be7 5. Ngf3 c5 6. b3 O-O 7. O-O Nc6 8. Bb2
b6 9. Ne5 Bb7 10. a3 a6 11. Ndf3 b5 12. Nxc6 Bxc6 13. Ne5 Bb7 14. Be2 Qb6 15.
Rb1 c4 16. b4 Qc7 17. c3 a5 18. Qc2 Bd6 19. f4 Ne4 20. Bf3 f6 21. Ng4 Be7 22.
Ra1 Bc6 23. Rfb1 Nd6 24. Bc1 Be8 25. Bd2 Bg6 26. Qb2 Bxb1 27. Qxb1 axb4 28.
axb4 Qb7 29. Nf2 Rxa1 30. Qxa1 Ra8 31. Qb1 Qa6 32. Kf1 Qa2 33. Qxa2 Rxa2 34.
Ke2 Nf5 35. g4 Nh4 36. Bh1 Bxb4 37. Nd1 Ba3 38. Ke1 Ng6 39. f5 Ne7 40. fxe6 Bd6
41. h3 Bg3+ 42. Ke2 Ra6 43. e4 Rxe6 44. Kf3 Bc7 45. exd5 Nxd5 46. Ne3 Nxe3 47.
Bxe3 Ba5 48. Kf4 g5+ 49. Kf3 Bxc3 50. d5 Re5 51. Kf2 Be1+ 52. Ke2 Bb4 53. Kf2
c3 54. Bd4 c2 55. Bb2 Re1  0-1

[Event "M.Chigorin Memorial 2017 "]
[Site "?????-?????????"]
[Date "2017.10.22"]
[Round "2"]
[Board "147"]
[White "Savinov, Leonid"]
[Black "Ageeva, Vasilisa"]
[Result "1-0"]
[WhiteElo "2035"]
[BlackElo "1649"]
[PlyCount "57"]
[EventDate "2017.10.21"]
[EventRounds "9"]
[EventCountry "RUS"]

1. d4 d5 2. Nf3 Nf6 3. c4 e6 4. cxd5 exd5 5. Nc3 Be7 6. Bf4 c6 7. Qc2 O-O 8. e3
Nbd7 9. Bd3 Re8 10. h3 h6 11. O-O Nf8 12. a3 a5 13. Bh2 Bd6 14. Ne5 N6d7 15. f4
Nf6 16. Kh1 Qc7 17. Rac1 Qe7 18. Rce1 Qc7 19. g4 Ne6 20. Qg2 Re7 21. g5 hxg5
22. fxg5 Nd7 23. Bh7+ Kxh7 24. g6+ Kh8 25. gxf7 Nef8 26. Qg5 Re6 27. Rg1 g6 28.
Qh6+ Nh7 29. Rxg6  1-0

[Event "M.Chigorin Memorial 2017 "]
[Site "?????-?????????"]
[Date "2017.10.22"]
[Round "2"]
[Board "148"]
[White "Khlopushin, Dmitriy"]
[Black "Pryalukhin, Danila"]
[Result "1-0"]
[WhiteElo "1668"]
[BlackElo "2031"]
[PlyCount "69"]
[EventDate "2017.10.21"]
[EventRounds "9"]
[EventCountry "RUS"]

1. e4 d5 2. exd5 Qxd5 3. Nc3 Qd6 4. Nf3 Bg4 5. Be2 Nf6 6. d4 c6 7. h3 Bh5 8.
O-O e6 9. Ne5 Bxe2 10. Nxe2 Qc7 11. Bf4 Bd6 12. Nc1 c5 13. c3 Nc6 14. Re1 O-O
15. Nb3 cxd4 16. cxd4 Rfd8 17. Rc1 h6 18. Qf3 Rac8 19. Bxh6 Nd5 20. Nxc6 bxc6
21. Qg4 Bf8 22. Bg5 Re8 23. Nc5 Qa5 24. a3 e5 25. Rxe5 Rxe5 26. dxe5 Re8 27.
Nd7 Re6 28. Bf6 Qd2 29. Rd1 Qh6 30. Bg5 Qh7 31. Nxf8 Kxf8 32. Rxd5 cxd5 33.
Qb4+ Ke8 34. Qb5+ Kf8 35. Qc5+  1-0

[Event "M.Chigorin Memorial 2017 "]
[Site "?????-?????????"]
[Date "2017.10.22"]
[Round "2"]
[Board "149"]
[White "Nikitinyh, Boris"]
[Black "Chekletsova, Darya"]
[Result "1-0"]
[WhiteElo "2027"]
[BlackElo "1636"]
[PlyCount "95"]
[EventDate "2017.10.21"]
[EventRounds "9"]
[EventCountry "RUS"]

1. e4 c5 2. Nc3 e6 3. g3 Nc6 4. Bg2 Nf6 5. f4 d5 6. e5 Nd7 7. Nf3 Be7 8. O-O
O-O 9. d3 Qb6 10. Kh1 a6 11. h4 Qc7 12. Bd2 b5 13. Ng5 h6 14. Nf3 Bb7 15. Ne2
Nb6 16. c3 Rac8 17. Kh2 Rfd8 18. Rc1 a5 19. Rc2 Ba6 20. Bc1 b4 21. Re1 Bb5 22.
Rd2 c4 23. Ned4 Nxd4 24. Nxd4 Ba4 25. Qe2 bxc3 26. bxc3 cxd3 27. Rxd3 Bc5 28.
Qg4 Bxd4 29. cxd4 Bc2 30. Rd2 Bf5 31. Qd1 Nc4 32. Rf2 Qe7 33. Bh3 Bxh3 34. Kxh3
Qd7 35. Qg4 Kh7 36. h5 a4 37. Kg2 a3 38. f5 Rf8 39. f6 Rg8 40. Qf4 Rh8 41. fxg7
Kxg7 42. Qf6+ Kg8 43. Bxh6 Rxh6 44. Qxh6 Qb7 45. Qg5+ Kf8 46. h6 Nxe5 47. Qg7+
Ke8 48. Qxe5  1-0

[Event "M.Chigorin Memorial 2017 "]
[Site "?????-?????????"]
[Date "2017.10.22"]
[Round "2"]
[Board "150"]
[White "Pitkanen, Juhani"]
[Black "Popovich, Alexey"]
[Result "0-1"]
[WhiteElo "1657"]
[BlackElo "2023"]
[PlyCount "46"]
[EventDate "2017.10.21"]
[EventRounds "9"]
[EventCountry "RUS"]

1. d4 d5 2. Bf4 c5 3. e3 Nc6 4. Nc3 Nf6 5. Nb5 e5 6. dxe5 Qa5+ 7. c3 a6 8. exf6
axb5 9. Nf3 b4 10. Qd2 bxc3 11. bxc3 Be6 12. Be2 gxf6 13. O-O Bg7 14. Rfb1 f5
15. Rc1 O-O 16. Qc2 d4 17. exd4 cxd4 18. Bd2 Qa3 19. Rab1 Bxa2 20. Rxb7 Be6 21.
Bd3 Na5 22. Rb4 Bb3 23. Qb1 dxc3  0-1

[Event "M.Chigorin Memorial 2017 "]
[Site "?????-?????????"]
[Date "2017.10.22"]
[Round "2"]
[Board "151"]
[White "Kutyanina, Mariya"]
[Black "Chagina, Ulyana"]
[Result "1-0"]
[WhiteElo "2020"]
[BlackElo "1571"]
[PlyCount "41"]
[EventDate "2017.10.21"]
[EventRounds "9"]
[EventCountry "RUS"]

1. e4 e6 2. d4 d5 3. e5 c5 4. c3 Nc6 5. Nf3 Nge7 6. Na3 cxd4 7. cxd4 Nf5 8. Nc2
Be7 9. Bd3 O-O 10. O-O Bd7 11. h3 Rc8 12. Kh1 b5 13. Bd2 Qb6 14. g4 Nh4 15.
Nxh4 Bxh4 16. g5 f6 17. Qh5 g6 18. Bxg6 hxg6 19. Qxg6+ Kh8 20. gxf6 Bxf6 21.
exf6  1-0

[Event "M.Chigorin Memorial 2017 "]
[Site "?????-?????????"]
[Date "2017.10.22"]
[Round "2"]
[Board "152"]
[White "Murzina, Agata"]
[Black "Poznyak, Nazar"]
[Result "0-1"]
[WhiteElo "1637"]
[BlackElo "2014"]
[PlyCount "218"]
[EventDate "2017.10.21"]
[EventRounds "9"]
[EventCountry "RUS"]

1. e4 e6 2. d4 d5 3. Nc3 Nf6 4. e5 Nfd7 5. f4 c5 6. Nf3 Nc6 7. Be3 a6 8. Be2 b5
9. O-O b4 10. Nb1 Qb6 11. c3 bxc3 12. bxc3 Qb2 13. Qd2 Rb8 14. Qxb2 Rxb2 15.
Nbd2 c4 16. Rfb1 Ba3 17. Bd1 Na7 18. Ba4 Ke7 19. Nf1 Nb6 20. Bd1 Nb5 21. Bc1
Rxb1 22. Rxb1 Bxc1 23. Rxc1 Bd7 24. a4 Na7 25. Rb1 Na8 26. Ne3 Nc6 27. Bc2 h6
28. f5 Rb8 29. Ra1 Rb2 30. fxe6 fxe6 31. Ne1 Na5 32. Ra3 Be8 33. Kf1 Nb3 34.
Nd1 Nd2+ 35. Kf2 Rb8 36. Ke2 Nb3 37. g4 Nb6 38. Nb2 Na5 39. Nd1 Nd7 40. h3 Nf8
41. Kd2 Bg6 42. Bxg6 Nxg6 43. Nc2 Rb1 44. Ke1 Nf4 45. Ra1 Rxa1 46. Nxa1 Nxh3
47. Nc2 Nb3 48. a5 Nf4 49. Nf2 Nd3+ 50. Nxd3 cxd3 51. Nb4 Nxa5 52. Nxa6 Nb3 53.
Nb4 d2+ 54. Kd1 Kf7 55. Nd3 Kg6 56. Nf4+ Kf7 57. Nd3 g5 58. Nf2 Kg6 59. Ke2 Na5
60. Kxd2 h5 61. Ke2 hxg4 62. Nxg4 Nb3 63. Ne3 Na5 64. Kf2 Kh5 65. Kg3 Nb3 66.
Kg2 Nd2 67. Kh3 Kg6 68. Kg4 Kh6 69. Kh3 Kh5 70. Kg2 Kh4 71. Kh2 g4 72. Kg2 Kg5
73. Kh2 Kf4 74. Ng2+ Kf3 75. Ne1+ Ke2 76. Ng2 Nf1+ 77. Kg1 Ne3 78. Nf4+ Kd2 79.
Nxe6 Kxc3 80. Kf2 Nf5 81. Kg2 Kd3 82. Kf2 Ke4 83. Kg2 Ke3 84. Kg1 Nh4 85. Kh2
Kf2 86. Ng5 g3+ 87. Kh3 Nf3 88. Kg4 Nxg5 89. Kxg5 g2 90. e6 g1=Q+ 91. Kf6 Qg4
92. Kf7 Qxd4 93. e7 Qf4+ 94. Ke8 d4 95. Kd7 Qe5 96. e8=Q Qxe8+ 97. Kxe8 d3 98.
Ke7 d2 99. Ke6 d1=Q 100. Ke5 Qg4 101. Kd5 Ke3 102. Ke5 Qg5+ 103. Ke6 Ke4 104.
Kd6 Qb5 105. Ke6 Qc6+ 106. Ke7 Kf5 107. Kf7 Qd7+ 108. Kg8 Kg6 109. Kf8 Qd8#  0-1

[Event "M.Chigorin Memorial 2017 "]
[Site "?????-?????????"]
[Date "2017.10.22"]
[Round "2"]
[Board "153"]
[White "Gagare, Shalmali"]
[Black "Popova, Polina"]
[Result "1-0"]
[WhiteElo "2013"]
[BlackElo "1560"]
[PlyCount "81"]
[EventDate "2017.10.21"]
[EventRounds "9"]
[EventCountry "RUS"]

1. d4 Nf6 2. c4 e6 3. Nf3 b6 4. g3 Ba6 5. b3 d5 6. Bg2 Bb4+ 7. Nbd2 O-O 8. O-O
Nbd7 9. a3 Be7 10. Re1 c5 11. Bb2 Rb8 12. Qc2 Qc7 13. cxd5 exd5 14. Rac1 Rfc8
15. e4 dxe4 16. Nxe4 Nf8 17. dxc5 Nxe4 18. Qxe4 Bxc5 19. b4 Bxf2+ 20. Kxf2 Qd7
21. Qd4 Qxd4+ 22. Nxd4 Rd8 23. b5 Bb7 24. Bxb7 Rxb7 25. Nc6 Rd2+ 26. Re2 Rxe2+
27. Kxe2 f6 28. Rc4 Ne6 29. Ra4 Nc7 30. Rxa7 Rxa7 31. Nxa7 Kf7 32. Bd4 Nd5 33.
Nc8 Nc7 34. a4 Ke6 35. Nxb6 Kd6 36. Kd3 Ne6 37. a5 Kc7 38. Be3 Kb7 39. a6+ Kb8
40. Nd7+ Kc8 41. b6  1-0

[Event "M.Chigorin Memorial 2017 "]
[Site "?????-?????????"]
[Date "2017.10.22"]
[Round "2"]
[Board "154"]
[White "Khodko, Yurii N."]
[Black "Dmitriev, Vladimir"]
[Result "0-1"]
[WhiteElo "1583"]
[BlackElo "2013"]
[PlyCount "60"]
[EventDate "2017.10.21"]
[EventRounds "9"]
[EventCountry "RUS"]

1. e4 c6 2. d4 d5 3. exd5 cxd5 4. c4 e6 5. Nc3 Nc6 6. Nf3 Nf6 7. cxd5 Nxd5 8.
Bd3 Bb4 9. Bd2 Qb6 10. Nxd5 exd5 11. O-O Bxd2 12. Qxd2 O-O 13. Rfe1 Bg4 14. Ne5
Nxe5 15. Rxe5 Rad8 16. Rg5 f5 17. h3 h6 18. hxg4 hxg5 19. Bxf5 Qf6 20. Qd3 g6
21. Bxg6 Qxf2+ 22. Kh1 Rd6 23. Bh5 Rh6 24. Qb3 Qxd4 25. Rd1 Qxg4 26. Qxd5+ Kg7
27. Qe5+ Kh7 28. Qe7+ Kg8 29. Rd7 Qxh5+ 30. Kg1 Qh1#  0-1

[Event "M.Chigorin Memorial 2017 "]
[Site "?????-?????????"]
[Date "2017.10.22"]
[Round "2"]
[Board "155"]
[White "Sapegin, Yaroslav"]
[Black "Shemakhanov, Danila"]
[Result "1-0"]
[WhiteElo "2007"]
[BlackElo "1542"]
[PlyCount "107"]
[EventDate "2017.10.21"]
[EventRounds "9"]
[EventCountry "RUS"]

1. d4 Nf6 2. Nf3 e6 3. c4 d5 4. g3 dxc4 5. Bg2 Nc6 6. Qa4 Bb4+ 7. Bd2 Nd5 8.
Bxb4 Ndxb4 9. O-O O-O 10. a3 Nd5 11. Qxc4 Nb6 12. Qd3 e5 13. Nxe5 Nxe5 14. dxe5
Qxd3 15. exd3 Bf5 16. Bxb7 Rad8 17. Be4 Bxe4 18. dxe4 Rfe8 19. Nc3 Nc4 20. Rfd1
Nxe5 21. Rxd8 Rxd8 22. Rd1 Rxd1+ 23. Nxd1 Nc4 24. f4 Kf8 25. Kf2 Ke7 26. Ke2
Ke6 27. Kd3 Nb6 28. Kd4 Kd6 29. b4 a6 30. Ne3 g6 31. Nc4+ Ke6 32. Nxb6 cxb6 33.
e5 h5 34. Ke4 Ke7 35. h3 Ke6 36. g4 h4 37. f5+ Ke7 38. fxg6 fxg6 39. Kd5 Kd7
40. e6+ Ke7 41. Ke5 a5 42. bxa5 bxa5 43. a4 Ke8 44. Kf6 Kf8 45. e7+ Ke8 46. g5
Kd7 47. Kf7 Kd6 48. e8=Q Kc5 49. Qb5+ Kd4 50. Kxg6 Ke3 51. Qc4 Kf3 52. Kf5 Kg3
53. Qg4+ Kh2 54. Kf4  1-0

[Event "M.Chigorin Memorial 2017 "]
[Site "?????-?????????"]
[Date "2017.10.22"]
[Round "2"]
[Board "156"]
[White "Pradeep, Pandya"]
[Black "Yudkevich, Mikhail"]
[Result "0-1"]
[WhiteElo "1571"]
[BlackElo "2005"]
[PlyCount "36"]
[EventDate "2017.10.21"]
[EventRounds "9"]
[EventCountry "RUS"]

1. d4 g6 2. c4 Bg7 3. e4 d6 4. Nc3 e5 5. d5 Nd7 6. Be3 a5 7. Nf3 Ne7 8. Qd2 h6
9. Bd3 f5 10. exf5 gxf5 11. Nb5 f4 12. Bxf4 exf4 13. Qxf4 Nf6 14. Qg3 O-O 15.
O-O Nh5 16. Qh4 Nf4 17. Bc2 Ne2+ 18. Kh1 Rf4  0-1

[Event "M.Chigorin Memorial 2017 "]
[Site "?????-?????????"]
[Date "2017.10.22"]
[Round "2"]
[Board "157"]
[White "Shakirova, Renata"]
[Black "Moskaleva, Arina"]
[Result "1-0"]
[WhiteElo "2004"]
[BlackElo "1536"]
[PlyCount "61"]
[EventDate "2017.10.21"]
[EventRounds "9"]
[EventCountry "RUS"]

1. e4 c5 2. Nf3 Nc6 3. d4 cxd4 4. Nxd4 Qb6 5. Nb3 Nf6 6. Nc3 e6 7. Be3 Qc7 8.
a3 a6 9. Be2 Be7 10. f4 d6 11. Bf3 Rb8 12. O-O O-O 13. Kh1 Re8 14. g4 Bf8 15.
g5 Nd7 16. Bg2 b5 17. Rf3 Bb7 18. Rh3 g6 19. Qg4 Bg7 20. f5 exf5 21. Qh4 Nf8
22. exf5 gxf5 23. Nd5 Qd7 24. Nf6+ Bxf6 25. gxf6 Nd8 26. Qg5+ Ng6 27. Qh6 Bxg2+
28. Kxg2 Nf4+ 29. Bxf4 Qc6+ 30. Kg1 Qb6+ 31. Be3  1-0

[Event "M.Chigorin Memorial 2017 "]
[Site "?????-?????????"]
[Date "2017.10.22"]
[Round "2"]
[Board "158"]
[White "Kuznetsov, Roman"]
[Black "Babotin, Nikita"]
[Result "1-0"]
[WhiteElo "2004"]
[BlackElo "1530"]
[PlyCount "45"]
[EventDate "2017.10.21"]
[EventRounds "9"]
[EventCountry "RUS"]

1. e4 e5 2. Nf3 Nc6 3. d4 exd4 4. Bc4 d6 5. O-O Nf6 6. Nxd4 Ne5 7. Bb3 Be7 8.
f4 Ng6 9. Nc3 Bg4 10. Qe1 c5 11. Nf3 Be6 12. Bxe6 fxe6 13. Ng5 Qd7 14. f5 exf5
15. exf5 Ne5 16. Ne6 Bf8 17. Bf4 Be7 18. Bxe5 dxe5 19. Qxe5 Bd6 20. Qe2 Kf7 21.
Rad1 Qc6 22. Ng5+ Kf8 23. Qe6  1-0